Govt. of
Madhya Pradesh

Normal view MARC view

Entry Personal Name

Number of records used in: 1

001 - CONTROL NUMBER

  • control field: 62153

003 - CONTROL NUMBER IDENTIFIER

  • control field: OSt

005 - DATE AND TIME OF LATEST TRANSACTION

  • control field: 20160603152617.0

008 - FIXED-LENGTH DATA ELEMENTS

  • fixed length control field: 160603|| aca||aabn | a|a d

040 ## - CATALOGING SOURCE

  • Original cataloging agency: OSt
  • Transcribing agency: OSt

100 ## - HEADING--PERSONAL NAME

  • Personal name: पांडेय, वैधनाथ

670 ## - SOURCE DATA FOUND

  • Source citation: Work cat.: (OSt)10635: पांडेय, वैधनाथ , स्‍वामी सहजानन्‍द सरस्‍वती , 2004